Swami Vivekananda : (Record no. 1678950)

MARC details
000 -LEADER
fixed length control field 00491 a2200181 4500
005 - DATE AND TIME OF LATEST TRANSACTION
control field 20260312100952.0
008 - FIXED-LENGTH DATA ELEMENTS--GENERAL INFORMATION
fixed length control field 260312b |||||||| |||| 00| 0 eng d
020 ## - INTERNATIONAL STANDARD BOOK NUMBER
International Standard Book Number 9789395055031
040 ## - CATALOGING SOURCE
Transcribing agency SDCL
041 ## - LANGUAGE CODE
Source of code eng
Language code of text/sound track or separate title eng
084 ## - COLON CLASSIFICATION NUMBER
Classification number R6xM63 R3
100 ## - MAIN ENTRY--PERSONAL NAME
Personal name Singh, Sudhir
245 ## - TITLE STATEMENT
Title Swami Vivekananda :
Remainder of title The sage and revolutionary
260 ## - PUBLICATION, DISTRIBUTION, ETC.
Place of publication, distribution, etc. Delhi :
Name of publisher, distributor, etc. Chanakya Publication and Distributors,
Date of publication, distribution, etc. 2023.
300 ## - PHYSICAL DESCRIPTION
Extent xvi, 269p.
700 ## - ADDED ENTRY--PERSONAL NAME
Personal name Thomas, Sabu
942 ## - ADDED ENTRY ELEMENTS (KOHA)
Koha item type Textual
Source of classification or shelving scheme Colon Classification (CC)
999 ## -
-- 1678950
-- 1678950
Holdings
Withdrawn status Lost status Source of classification or shelving scheme Damaged status Not for loan Home library Current library Date acquired Source of acquisition Cost, normal purchase price Inventory number Total checkouts Full call number Barcode Date last seen Cost, replacement price Price effective from Koha item type
    Colon Classification (CC)     South Campus Library South Campus Library 2026-02-07 126 1036.00 CPD 931 & 15/12/2025   R6xM63 R3 SC1691579 2026-02-07 1295.00 2026-02-07 Textual
Copyright @ Delhi University Library System